00241nam a2200085Ia 4500008004100000100001900041245005800060260002900118300000800147201217s9999 xx 000 0 und d aAktas, A. Ziya 0aStructured Analysis and Design of Information Systems aNew DelhibPrentice Hall a190